[Event "Buenos Aires op 3rd"]
[Site "Buenos Aires"]
[Date "2025.07.15"]
[Round "7"]
[White "Fiorenza, Brandon"]
[Black "Laguna, Jorge Alberto"]
[Result "1-0"]
[WhiteElo "1879"]
[BlackElo "1602"]
[PlyCount "113"]
[EventDate "2025.07.11"]
[EventType "swiss"]
[EventRounds "9"]
[EventCountry "ARG"]
[SourceTitle "CB30_2025"]
[SourceDate "2025.07.23"]
[SourceVersion "1"]
[SourceVersionDate "2025.07.23"]
[SourceQuality "1"]

1. c4 Nf6 2. Nf3 e6 3. b3 d5 4. Bb2 c5 5. g3 Nc6 6. Bg2 Be7 7. 0-0 0-0 8. cxd5 exd5 9. d4 Be6 10. dxc5 Bxc5 11. Nc3 Rc8 12. Rc1 Qe7 13. Nb5 Ne4 14. Nbd4 Rfd8 15. Nxe6 fxe6 16. Nd4 e5 17. Nxc6 Rxc6 18. e3 Nf6 19. Rc2 Rc7 20. Qa1 d4 21. exd4 Bxd4 22. Rxc7 Qxc7 23. Qc1 Qb6 24. Qc4+ Kh8 25. Bxd4 exd4 26. Qf7 d3 27. Qxb7 Qa5 28. a4 d2 29. Rd1 Nd5 30. Bxd5 Rxd5 31. b4 Qd8 32. Qxa7 h6 33. Qe3 Qd6 34. b5 Rd3 35. Qe8+ Kh7 36. Qc6 Qe7 37. Kf1 Rd6 38. Qc2+ g6 39. Rxd2 Re6 40. Re2 h5 41. b6 Rxe2 42. Qxe2 Qg7 43. Qe3 Qa1+ 44. Kg2 Qxa4 45. Qf3 Qe8 46. b7 h4 47. gxh4 Qb8 48. Qe4 Kh6 49. Kf3 Kh7 50. h5 Kh8 51. hxg6 Kg7 52. h4 Kh8 53. h5 Qf8+ 54. Qf4 Qa3+ 55. Kg2 Qb3 56. Qf8+ Qg8 57. Qh6+ 1-0

[Event "Buenos Aires op 3rd"]
[Site "Buenos Aires"]
[Date "2025.07.14"]
[Round "6"]
[White "Laguna, Jorge Alberto"]
[Black "Chocala, Thiago Ignacio"]
[Result "1-0"]
[WhiteElo "1602"]
[BlackElo "1757"]
[PlyCount "73"]
[EventDate "2025.07.11"]
[EventType "swiss"]
[EventRounds "9"]
[EventCountry "ARG"]
[SourceTitle "CB30_2025"]
[SourceDate "2025.07.23"]
[SourceVersion "1"]
[SourceVersionDate "2025.07.23"]
[SourceQuality "1"]

1. e4 c5 2. Nf3 Nc6 3. d4 cxd4 4. Nxd4 g6 5. Be3 Nf6 6. f3 d5 7. Nxc6 bxc6 8. e5 Nd7 9. f4 e6 10. c3 Bg7 11. Nd2 0-0 12. Nf3 f6 13. Nd4 Nb8 14. exf6 Bxf6 15. Qd2 c5 16. Nf3 d4 17. cxd4 cxd4 18. Nxd4 e5 19. Bc4+ Kh8 20. fxe5 Bxe5 21. Nf3 Qxd2+ 22. Bxd2 Bxb2 23. Rb1 Bg7 24. Bd5 Bf5 25. Rb3 Nd7 26. Bxa8 Rxa8 27. Bc3 Bxc3+ 28. Rxc3 Re8+ 29. Kf2 Nf6 30. Re1 Re4 31. Ra3 Rc4 32. Rxa7 Rc2+ 33. Kg1 Rc6 34. Ng5 Kg8 35. Ree7 Kf8 36. Nxh7+ Kg8 37. Ra8+ 1-0

[Event "Buenos Aires op 3rd"]
[Site "Buenos Aires"]
[Date "2025.07.12"]
[Round "2"]
[White "Laguna, Jorge Alberto"]
[Black "Gonzalez Garrido, Oscar Daniel"]
[Result "0-1"]
[WhiteElo "1602"]
[BlackElo "1885"]
[PlyCount "73"]
[EventDate "2025.07.11"]
[EventType "swiss"]
[EventRounds "9"]
[EventCountry "ARG"]
[SourceTitle "CB30_2025"]
[SourceDate "2025.07.23"]
[SourceVersion "1"]
[SourceVersionDate "2025.07.23"]
[SourceQuality "1"]

1. e4 e5 2. Nf3 Nc6 3. d4 exd4 4. Nxd4 Nf6 5. Nxc6 bxc6 6. e5 Qe7 7. Qe2 Nd5 8. c4 Ba6 9. f4 g6 10. Qf2 Qb4+ 11. Nd2 Bc5 12. Qf3 Ne3 13. a3 Qa5 14. Bd3 Nxc4 15. b3 Nxd2 16. Bxd2 Qb6 17. Bxa6 Qxa6 18. Bc3 0-0 19. g4 Rab8 20. Bb2 Qb6 21. b4 a5 22. Rd1 axb4 23. axb4 Bxb4+ 24. Bc3 d6 25. h4 dxe5 26. fxe5 Rfe8 27. Kf1 Bxc3 28. Qxc3 Qb5+ 29. Kg2 Qxe5 30. Qxe5 Rxe5 31. Rd7 Rb3 32. Rf1 Re2+ 33. Kg1 Rbb2 34. Rc1 Rg2+ 35. Kh1 Rxg4 36. Rxc7 Rxh4+ 37. Kg1 0-1

[Event "Bariloche Peon Dama op"]
[Site "Bariloche"]
[Date "2024.03.17"]
[Round "7"]
[White "Alvarado Contin, Omar Hernando"]
[Black "Laguna, Jorge Alberto"]
[Result "1-0"]
[WhiteElo "1843"]
[BlackElo "1615"]
[PlyCount "35"]
[EventDate "2024.03.15"]
[EventType "swiss"]
[EventRounds "7"]
[EventCountry "ARG"]
[SourceTitle "CBM 219 Extra"]
[Source "ChessBase"]
[SourceDate "2024.05.31"]
[SourceVersion "1"]
[SourceVersionDate "2024.05.31"]
[SourceQuality "1"]

1. e4 c5 2. Nf3 d6 3. d4 cxd4 4. Nxd4 Nf6 5. Nc3 g6 6. Be2 Bg7 7. Be3 Bd7 8. Qd2 Nc6 9. 0-0 0-0 10. Rad1 Rc8 11. h3 Re8 12. f4 Nxd4 13. Bxd4 Bc6 14. e5 dxe5 15. fxe5 Nd5 16. Ne4 Nb6 17. Ng5 Bh6 18. Qf4 1-0